| 000 | 00829cam a22002653a 4500 | ||
|---|---|---|---|
| 001 | 29631 | ||
| 003 | PGUSA | ||
| 005 | 20140828083636.0 | ||
| 008 | 090807s2009||||xxu|||||s|||||000 | eng d | ||
| 040 |
_aPGUSA _beng |
||
| 042 | _adc | ||
| 050 | 4 | _aDS | |
| 100 | 1 |
_aGroves, Anthony Norris, _d1795-1853 |
|
| 245 | 1 | 0 |
_aJournal of a Residence at Bagdad : _bDuring the Years 1830 and 1831 _h[electronic resource] / _cAnthony Norris Groves |
| 260 |
_bProject Gutenberg, _c2009 |
||
| 506 | _aPublic domain in the USA. | ||
| 516 | _aElectronic text | ||
| 653 | _aPlague -- Iraq -- Baghdad | ||
| 653 | _aBaghdad (Iraq) -- History | ||
| 653 | _aMissions -- Turkey | ||
| 700 | 1 |
_aScott, A. J. _q(Alexander John), _d1805-1866 |
|
| 830 | 0 |
_aProject Gutenberg _v29631 |
|
| 856 | 4 | 0 | _uhttp://www.gutenberg.org/ebooks/29631 |
| 942 | _cEB | ||
| 999 |
_c258886 _d258886 |
||